Introduçao a teoria de Galois
Salvato in:
| Autore principale: | |
|---|---|
| Natura: | Libro |
| Lingua: | portoghese |
| Pubblicazione: |
Río de Janeiro
IMPA
1966
|
| Edizione: | 2a. ed |
| Serie: | Notas de Matemática, 13
|
| Soggetti: | |
| Tags: |
Aggiungi Tag
Nessun Tag, puoi essere il primo ad aggiungerne!!
|
MARC
| LEADER | 00000nam a2200000 a 4500 | ||
|---|---|---|---|
| 001 | UCP3445 | ||
| 003 | CL-VaPUC | ||
| 008 | 990618e19660000BL |||||||||||||||||por|d | ||
| 082 | 0 | 4 | |a 512.3 |b KAP |2 21 |
| 100 | |a Kaplansky, Irving |e author |9 427724 | ||
| 245 | 1 | 0 | |a Introduçao a teoria de Galois |
| 250 | |a 2a. ed | ||
| 300 | |a 166 p | ||
| 942 | |c BK | ||
| 945 | |d 19990618 00:00:00 |a crobeson | ||
| 260 | |a Río de Janeiro |b IMPA |c 1966 | ||
| 650 | 0 | |a Teoría de Galois |9 271494 | |
| 650 | 0 | |a Teoría de campos |9 316480 | |
| 650 | 0 | |a Ecuaciones |9 260137 | |
| 583 | |a last modification |c 19990618 00:00:00 |k Rodrigo Vera | ||
| 490 | 0 | |a Notas de Matemática, 13 | |
| 999 | |c 281762 |d 281760 | ||
| 952 | |0 0 |1 0 |4 0 |6 512_300000000000000_KAP_1966 |7 0 |8 A |9 322746 |a BIBMAT |b BIBMAT |d 2019-11-20 |i 1351273 |o 512.3 KAP 1966 |p 1351273 |r 2025-01-07 |w 2019-11-20 |y BK |k MAT | ||
| 952 | |0 0 |1 0 |4 0 |6 512_300000000000000_KAP_1966 |7 0 |8 A |9 322747 |a BIBMAT |b BIBMAT |d 2019-11-20 |i 1351281 |o 512.3 KAP 1966 |p 1351281 |r 2025-01-07 |w 2019-11-20 |y BK |k MAT | ||